| 000 | 00462cam a2200145 4500500 | ||
|---|---|---|---|
| 005 | 20251012032529.0 | ||
| 041 | _afre | ||
| 042 | _adc | ||
| 100 | 1 | 0 |
_aLe Moing, Monique _eauthor |
| 245 | 0 | 0 | _aPaule Constant, Sucre et secret, Gallimard, 2003, 228 pages. |
| 260 | _c2003. | ||
| 500 | _a39 | ||
| 786 | 0 | _nSigila | 12 | 2 | 2003-12-20 | p. 195-196 | 1286-1715 | |
| 856 | 4 | 1 | _uhttps://shs.cairn.info/revue-sigila-2003-2-page-195?lang=fr&redirect-ssocas=7080 |
| 999 |
_c1547567 _d1547567 |
||